000 01072cam a2200289 4500
008 021015n2002 000 0 eng u
020 _a0749439009
035 _a(Sirsi) u120104
041 _aeng.
050 _a658.2
100 _aReuvid, J.
_xEditor
110 _aInstitute of Directors
_9795
245 _aManaging business support services: strategies for outsourcing and facilities management
250 _a2nd.
260 _aLondon
_bKogan Page
_c2002
300 _axviii, 303p.
_c24cm.
350 _a29.95
520 _aConsiders the management and sourcing of peripheral support services. Topics covered include: the principles of outsourcing and facilities management; outsourcing practice and applications; commercial and management considerations; and case studies.
650 _aOUTSOURCING
650 _aSUPPORT SERVICES
650 _aMANAGEMENT-BUSINESS MANAGEMENT
690 _aFACILITIES MANAGEMENT
_96240
700 _aHinks, J.
_xEditor
710 _aSodexho UK
_94385
710 _aCap Gemini Ernst & Young Group
_94384
942 _n0
999 _c102471
_d102471